| 000 | 00572cam a22002053a 4500 | ||
|---|---|---|---|
| 001 | 35431 | ||
| 003 | PGUSA | ||
| 005 | 20140828083749.0 | ||
| 008 | 110228s2011||||xxu|||||s|||||000 | eng d | ||
| 040 |
_aPGUSA _beng |
||
| 042 | _adc | ||
| 100 | 1 |
_aBoldrewood, Rolf, _d1826-1915 |
|
| 245 | 1 | 2 |
_aA Modern Buccaneer _h[electronic resource] / _cRolf Boldrewood |
| 260 |
_bProject Gutenberg, _c2011 |
||
| 506 | _aPublic domain in the USA. | ||
| 516 | _aElectronic text | ||
| 830 | 0 |
_aProject Gutenberg _v35431 |
|
| 856 | 4 | 0 | _uhttp://www.gutenberg.org/ebooks/35431 |
| 942 | _cEB | ||
| 999 |
_c264686 _d264686 |
||